| 000 | 01461nam0a22003371 4500 | ||
|---|---|---|---|
| 001 | rc\2166026 | ||
| 005 | 20260407130016.0 | ||
| 035 | _a(NLR Aleph) 006716379 | ||
| 090 |
_a5396852 _c5396852 |
||
| 100 | _a20110829d1979 |||y0rusy50 ca | ||
| 101 | 0 | _arus | |
| 102 | _aRU | ||
| 105 | _ay b ||||| | ||
| 200 | 1 |
_aКаталог изданий астрономических обсерваторий мира, имеющихся в фондах библиотеки Главной астрономической обсерватории АН СССР в Пулкове _fСост. В.Я. Бродская, В.Э. Бубневич _gОтв. ред. Н.Н. Михельсон |
|
| 210 |
_aЛенинград _cБАН _d1979 |
||
| 215 |
_a111 с. _d20 |
||
| 300 | _aВ надзаг.: Б-ка АН СССР | ||
| 300 | _aНа обл. сост. не указаны | ||
| 606 |
_aАстрономические обсерватории _jУказатели изданий _2psbo |
||
| 606 |
_aАстрономия _xБиблиотечные фонды _2psbo |
||
| 700 | 1 |
_aБродская _bВ.Я. |
|
| 701 | 1 |
_aБубневич _bВ.Э. |
|
| 702 | 1 |
_aМихельсон _bН.Н. _4340 |
|
| 712 | 0 | 2 |
_aАН СССР _bБиблиотека _3RU\NLR\AUTH\889973263 _9443034 |
| 801 | 0 |
_aRU _bNLR _gpsbo |
|
| 801 | 1 |
_aRU _bELAR _2rusmarc |
|
| 852 |
_aNLR _jС 151-410/Б88 |
||
| 899 |
_aRuMoRGB _jB 79-27/835 |
||
| 899 |
_aRuMoRGB _jB 79-27/836 |
||
| 942 | _cBOOK | ||
| 980 | _aNB | ||